Quizzes
Events
Quiz Creation
Community
Videos
Private Events
Remove Ads
Sign In
Join for FREE
Feedback
Dark Mode
Quiz Categories
Sports
Geography
Music
Movies
Television
Just For Fun
Miscellaneous
History
Literature
Language
Science
Gaming
Entertainment
Religion
Holiday
For Kids
Quiz Lab
Recent
Popular Today
Quiz Kudos Today
Editor Picks
Curator Picks
Quizzes by...
Day
Popularity
Type
Ratings
Length
Year
Community
Subscriptions
Recent Discussions
Orange Saloon
Badges
Playlists
Quests
Create
Leaderboards
Showdown
Live 5
Trivia Bingo
Activity
Puzzle Library
Sporcle Events
Private Events
Virtual Trivia
Globe League
Become a Host
Pub Owners
SporcleCon
Opinionation
Our Games
Videos
Blog
Mobile Apps
Partnerships
Remove Ads and Go Orange
Feedback
Music
Pop Music
The Beatles
Song
Album
Lyrics
Bands
Singers
Artist
Clip
Rock
Rap
Classical
Billboard
Country Music
Kpop
Taylor Swift
Music
Pop Music
The Beatles
Song
Album
Lyrics
Bands
Singers
Artist
Clip
Rock
Rap
Classical
Billboard
Country Music
Kpop
Taylor Swift
Random Quiz
Search Sporcle
×
Quiz Lab
Quiz Lab
Music
Song
Type in answers that appear in a list
Type in answers that appear in a list
Classic
Best Score? Go Orange.
Led Zeppelin Clip Quiz Stats
Can you name all 20 of the Led Zeppelin songs from these clips?
By
pretzelbabe0x
10m
20 Questions
225 Plays
225 Plays
225 Plays
Comments
Comments
Give Quiz Kudos
Give Quiz Kudos
-
- Ratings
hide this ad
More Info
Replay
Link that replays current quiz
Next Quiz
Link to next quiz in quiz playlist
You Got
0%
They Got
Avg Score
71%
Avg Friend Score
Upgrade to see
Score Distribution
Jump to the score distribution portion of the page
Score
0/20
Timer
10:00
0
Plays Today
Time
Song
% Correct
0:15-
0:30
Immigrant Song
96.4%
3:00-
3:15
Stairway to Heaven
96.4%
1:45-
2:00
Black Dog
95.6%
2:15-
2:30
Kashmir
94.2%
3:45-
4:00
Whole Lotta Love
93.3%
2:45-
3:00
Rock and Roll
89.8%
2:30-
2:45
Ramble On
87.1%
0:45-
1:00
D'yer Mak'er
84%
4:45-
5:00
Dazed and Confused
81.3%
0:30-
0:45
Heartbreaker
80.9%
Time
Song
% Correct
2:00-
2:15
All My Love
71.6%
3:15-
3:30
Over the Hills and Far Away
68%
1:00-
1:15
Achilles Last Stand
66.2%
4:00-
4:15
Houses of the Holy
60.4%
1:30-
1:45
Dancing Days
53.3%
4:15-
4:30
The Rover
48.4%
4:30-
4:45
Ten Years Gone
48.4%
0:00-
0:15
Out On the Tiles
40%
1:15-
1:30
Boogie With Stu
38.2%
3:30-
3:45
The Wanton Song
37.8%
Quiz Playlist
Details
Report
Send in Message
Add To Playlist
More Info:
R.I.P. John Bonham
Classic:
Type in answers that appear in a list
Last Updated: Sep 24, 2020
Quiz Scoreboard
CHALLENGE
Sign Up to Join the Scoreboard
Show All
Scores
Hide
Comments
May contain spoilers
Recently Published
College Basketball Coaching Resumes
by pancakes188
Sports
9m
Billboard Blitz: Fleetwood Mac
by CooCooCachoo
Music
15s
Presidents Visiting Landmarks
by Hejman
History
7m
More to Explore
Quiz From the Vault
Featured Blog Post
Where Did the Easter Bunny Come From?
hide this ad
You Might Also Like...
Tags
Clip Quiz
Song Quiz
Led Zeppelin
Zeppelin
Today's Top Quizzes in Music
Browse Music
hide this ad
Today's Top Quizzes in Song
Browse Song
Top Contributed Quizzes in Music
1
Taylor Swift All Songs (2024)
2
Guess the Artist- 70s Songs
3
7-to-1: Billboard Hot 100 #1 Hits of 2010s
4
Sorting Albums and Songs
5
Taylor Swift Logic Puzzle
6
KPOP LOGIC QUIZ
7
Guess the Taylor Swift song (Mystery Song)
8
One Thing in Common: Music
9
2010s Album by Cover III
10
Guess The Taylor Swift Lyrics Song #1
Explore More
Trending Topics
Disney
NBA
Harry Potter
Anime
Crossword
Kpop
Marvel
Pokémon
Soccer
Country
Song
Puzzle
NFL
WWE
The Office
hide this ad
More By:
pretzelbabe0x
Quiz
Plays
Rating
Category
Featured
Created
1990s Lyric Match IV
49,564
4.45
Music
Feb 25, 2016
16 Rock 'N' Roll Tattoos
34,456
4.23
Music
Mar 31, 2015
The Originals: Who Said It?
7,386
Television
Apr 22, 2017
Vampire Diaries: Who Said It?
7,154
4.67
Television
Jan 19, 2017
Six of Crows: Who Said It?
3,812
5.00
Literature
Jan 18, 2019
Go to Creator's Profile
Score Distribution
Quiz Creator Spotlight
pretzelbabe0x
Follow
Send a Message
Quizzes Created
-
Created Quiz Play Count
-
More By This Creator
Popular Quizzes Today
1
Find the US States - No Outlines Minefield
2
Find the Countries of Europe - No Outlines Minefield
3
The Countries of the World
4
Find the US States
5
Risky Map Clicking: Biggest States A-Z
6
US States
7
Popular People in 1961
8
Movies - When Are They Set?
More Music Quizzes
Taylor Swift 'mirrorball' lyrics
Quiz Lab
Trending Quizzes
Risky Map Clicking: Least Populous States A-Z
1-10 Letter G Words
1-10 Letter F Words
Risky Map Clicking: Next State Alphabetically
Adjectives in 80s TV Shows
Recently Updated
Leaping Animals
pecheneg
Reality TV Shows (A-Z)
bhenderson79
Rickey Henderson's Hall of Fame Teammates
pecheneg
Champions League XIs: Arsenal
pecheneg
Quick Pick: Celebrities in WWE's Hall of Fame
aduchscher
A-Z Keypad Blitz II
pecheneg
Multiple Oscar Actors
pecheneg
Mystery Phrase Blitz: Oscar 'Best Actors'
pecheneg
F. Scott Fitzgerald Novels
LTH
Pick 3 Villains
ddd62291
Trending Topics
Disney
Harry Potter
Crossword
Marvel
NBA
Kpop
Anime
Song
WWE
Pokémon
Country
The Office
Soccer
Puzzle
NFL
Your Account Isn't Verified!
In order to create a playlist on Sporcle, you need to verify the email address you used during registration. Go to your
Sporcle Settings
to finish the process.
Report this User
Report this user for behavior that violates our
Community Guidelines
.
Details:
Send Report
Go to the Sporcle.com Mobile Site →
Comments